Numb little bug lyrics - Statistics

General Stats
  • This quiz has been taken 254 times
  • The average score is 261 of 366
Answer Stats
Answer % Correct
a
98%
A
98%
a
98%
A
98%
A
98%
I
98%
I
98%
I
98%
I
98%
Do
96%
Do
96%
don't
93%
don't
93%
don't
93%
little
91%
little
91%
the
91%
the
91%
the
91%
little
91%
Little
91%
the
91%
The
91%
to
90%
you
89%
you
89%
in
88%
in
88%
Like
88%
Like
88%
in
88%
like
88%
Like
88%
of
87%
of
87%
Have
86%
have
86%
have
86%
but
85%
but
85%
but
85%
tired
84%
tired
84%
bit
83%
bit
83%
bit
83%
not
83%
not
83%
ever
83%
feel
83%
life
83%
not
83%
when
83%
die
82%
die
82%
really
81%
really
81%
really
81%
really
81%
by
80%
by
80%
happy
80%
happy
80%
happy
80%
my
80%
my
80%
pills
80%
your
80%
your
80%
happy
80%
my
80%
single
79%
survive
79%
got
78%
wanna
78%
wanna
78%
get
78%
got
78%
much
78%
thing
78%
too
78%
wanna
78%
And
77%
and
77%
And
77%
And
77%
out
77%
done
76%
gotta
74%
gotta
74%
you're
72%
you're
72%
you're
72%
you're
72%
youre
72%
me
71%
been
70%
been
70%
friends
70%
with
69%
With
69%
up
68%
room
68%
Haven't
67%
weeks
67%
care
66%
now
65%
there
65%
touch
65%
caught
64%
it
64%
just
64%
hanging
62%
we're
62%
if
62%
thread
62%
see
61%
that's
61%
That's
61%
as
59%
Cause
59%
Cause
59%
inside
58%
same
58%
body's
57%
body's
57%
I've
57%
la
57%
empathy
57%
Big
56%
world
56%
driving
55%
it's
55%
its
55%
break
53%
love
53%
repair
53%
twig
53%
air
52%
feels
52%
Trying
51%
trying
51%
bound
50%
fresh
50%
fresh
50%
ball
47%
outta
47%
Snap
47%
past
46%
floating
44%
numb
44%
am
43%
Am
43%
I'm
43%
I'm
43%
I'm
43%
bug
42%
psyche
40%
sinking
38%
boat
37%
boat
37%
water
37%
water
37%
quick
36%
quick
36%
repairs
34%
repairs
34%
So
33%
There's
33%
So
33%
cope
31%
barely
31%
barely
31%
cope
31%
breathing
30%
stay
28%
this
28%
way
28%
broke
27%
afloat
27%
afloat
27%
make
26%
could
25%
Guess
25%
can't
24%
these
23%
wish
23%
broken
22%
count
22%
on
22%
take
21%
Boy
20%
pronounce
20%
dose
19%
name
19%
prescriptions
18%
tryinn
4%
tostay
2%
No matching quizzes found
Score Distribution
Percent of People with Each Score
Percentile by Number Answered
Your Score History
You have not taken this quiz